000 00954nam a2200253 a 4500
001 000026125
005 20240502121040.0
008 110301s1970 mx r 001 0 spa d
040 _aDO-SdBNP
_bspa
_cBNPHU
041 1 7 _aspa
_heng
_2Código de idiomas MARC
082 _a631.55
_bW746p
100 1 _aWilson, Harold K.
_953087
240 1 0 _aProducing farm crops.
_lEspañol
245 1 0 _aProducción de cosechas /
_cHarold K. Wilson y A. Chester Richer ; traducción de Jose Luis De La Loma.
260 _aMéxico, D. F. :
_bCentro Regional de Ayuda Técnica. Agencia para el Desarrollo Internacional ;
_bContinental,
_c1970.
300 _a411 p. :
_bil. ;
_c24 cm.
534 _aTítulo original en inglés :
_tProducing farm crops
500 _aIncluye índice.
650 0 _aAgricultura
_92309
650 4 _aProductividad agrícola
_937508
700 1 _aRicher, A. Chester.
_953088
700 1 _aLoma, Jose Luis De La,
_etr.
_944528
049 _aBNGR
999 _c25617
_d25617